000 00629nam a2200181 a 4500
001 000008582
005 20200929161352.0
008 090917s1991 pr 001 0 spa d
040 _aDO-SdBNP
082 _axxx
_bB982i
100 1 _aBustamante, Carolina
_922996
245 1 0 _aIntroducción a los géneros literarios :
_bteoría y técnica literaria /
_cCarolina Bustamante, Gladis Sigarreta de Santana.
250 _a3a ed. corregida y aumentada
260 _aSan Juan; Puerto Rico :
_bCultural Panamericana,
_c1991.
300 _a253 p. ;
_c23 cm.
504 _aIncluye referencias bibliográficas [p. 249-253]
049 _aBNPD
999 _c8352
_d8352